| 000 | 00324nam a22001097a 4500 | ||
|---|---|---|---|
| 082 | _a629.478 GAT'S | ||
| 245 | _aSPACECRAFT AND BOUSTERS-2 THE FIRE COMPREHENSIVE ANALYSIS OF MORE THAN ONEHUNDRED US AND SOVIET SPACE LAUNCHINGS | ||
| 250 | _aGATELAND, K. W | ||
| 260 |
_aLONDON _bILIFFE _c1965 |
||
| 300 | _a302P | ||
| 942 | _cBK | ||
| 999 |
_c585014 _d585014 |
||